|
|
|
|
| LEADER |
00000nam0a2200000 4500 |
| 001 |
363967 |
| 005 |
20231102011636.0 |
| 035 |
|
|
|a (RuTPU)RU\TPU\retro\21316
|
| 035 |
|
|
|a RU\TPU\book\35418
|
| 090 |
|
|
|a 363967
|
| 100 |
|
|
|a 20211021d1981 km y0rusy50 ca
|
| 101 |
0 |
|
|a rus
|
| 102 |
|
|
|a RU
|
| 105 |
|
|
|a a z 000zy
|
| 200 |
1 |
|
|a Применение прецизионных аналоговых ИС
|f А. Г. Алексенко, Е. А. Коломбет, Г. И. Стародуб
|
| 210 |
|
|
|a Москва
|c Радио и связь
|d 1981
|
| 215 |
|
|
|a 223 с.
|
| 606 |
1 |
|
|a Схемотехника интегральная
|2 stltpush
|3 (RuTPU)RU\TPU\subj\58367
|9 76160
|
| 610 |
1 |
|
|a аналоговые интегральные схемы
|
| 610 |
1 |
|
|a неидеальность
|
| 610 |
1 |
|
|a улучшение
|
| 610 |
1 |
|
|a схемотехнические методы
|
| 610 |
1 |
|
|a усилители низкой частоты
|
| 610 |
1 |
|
|a математические операции
|
| 610 |
1 |
|
|a устройства
|
| 610 |
1 |
|
|a физические величины
|
| 610 |
1 |
|
|a электрические величины
|
| 610 |
1 |
|
|a преобразователи
|
| 610 |
1 |
|
|a сигналы
|
| 610 |
1 |
|
|a низкочастотные генераторы
|
| 610 |
1 |
|
|a источники напряжения
|
| 610 |
1 |
|
|a источники тока
|
| 610 |
1 |
|
|a стабилизаторы напряжения
|
| 610 |
1 |
|
|a стабилизаторы тока
|
| 610 |
1 |
|
|a дискретизация
|
| 610 |
1 |
|
|a схемы
|
| 675 |
|
|
|a 621.382.049.77
|v 4
|
| 700 |
|
1 |
|a Алексенко
|b А. Г.
|g Андрей Геннадьевич
|
| 701 |
|
1 |
|a Коломбет
|b Е. А.
|g Евгений Александрович
|
| 701 |
|
1 |
|a Стародуб
|b Г. И.
|g Георгий Иванович
|
| 801 |
|
0 |
|a RU
|b 63413507
|c 20011210
|g PSBO
|
| 801 |
|
2 |
|a RU
|b 63413507
|c 20211021
|g PSBO
|
| 900 |
|
|
|a Электроника и микроэлектроника
|
| 942 |
|
|
|c BK
|